000 00716nam a2200289Ia 4500
005 20260324123542.0
008 008 260324s9999 xx 000 0 eng d
020 _a9780203639030
037 _aEBOOK
040 _aCRL
040 _beng
040 _cCRL
041 _2eng
041 _aeng
084 _qCRL
100 _aAnthony Bebbington
_91170739
245 0 _aSocial Conflict, Economic Development and the Extractive Industry
245 0 _bEvidence from South America
260 _bTaylor and Francis
260 _c2011
365 _a
365 _b240
856 _uhttp://www.taylorfrancis.com/books/9780203639030
942 _cEBOOK
999 _c1764369
_d1764369